| 000 | 00512nam a2200181Ia 4500 | ||
|---|---|---|---|
| 999 |
_c27852 _d27852 |
||
| 003 | OSt | ||
| 005 | 20210101142224.0 | ||
| 008 | 190216s9999||||xx |||||||||||||| ||und|| | ||
| 020 | _a9265660161541 | ||
| 040 | _coclc | ||
| 082 |
_a370 _bFRE/V |
||
| 100 |
_aFreire, Paulo _98084 |
||
| 245 | 0 |
_aVidhyabhyasathinte Rashtreeyam / _cPaulo Freire ; Vijayan Nair |
|
| 260 |
_bFebiyan Books, _aKochi: _c1999. |
||
| 300 | _a248p | ||
| 650 | _aPadanam | ||
| 942 |
_cBK _2ddc _h370 _iFRE/V _k370 _mFRE/V |
||